Estudios de historia de América
Guardat en:
| Autors principals: | , , , , , , , , |
|---|---|
| Format: | Llibre |
| Idioma: | espanyol |
| Publicat: |
Ciudad de México
Instituto Panamericano de Geografía e Historia
1948
|
| Col·lecció: | Estudios de Historia, 1
|
| Matèries: | |
| Etiquetes: |
Afegir etiqueta
Sense etiquetes, Sigues el primer a etiquetar aquest registre!
|
MARC
| LEADER | 00000nam a2200000 a 4500 | ||
|---|---|---|---|
| 001 | UCO0664 | ||
| 003 | CL-VaPUC | ||
| 008 | 000428e19480000MX |||||||||||||||||spa|d | ||
| 082 | 0 | 4 | |a 980 |b ARC |2 21 |
| 100 | |a Arcaya, Pedro Manuel |e author |9 447663 | ||
| 700 | 0 | |a Frankl, Viktor E |e author |9 442039 | |
| 700 | 0 | |a Ryppy, J. Fred |e author |9 442040 | |
| 700 | 0 | |a Gray, William H |e author |9 442041 | |
| 700 | 0 | |a Senior, Clarence |e author |9 442042 | |
| 700 | 0 | |a Ramos, Arthur |e author |9 442043 | |
| 700 | 0 | |a Correa Filho, Virgilio |e author |9 442044 | |
| 700 | 0 | |a Paranhos Antues, Major de |e author |9 442045 | |
| 700 | 0 | |a Julio, Silvio |e author |9 442046 | |
| 245 | 1 | 0 | |a Estudios de historia de América |
| 300 | |a 370 p | ||
| 942 | |c BK | ||
| 945 | |d 20000428 00:00:00 |a crobeson | ||
| 260 | |a Ciudad de México |b Instituto Panamericano de Geografía e Historia |c 1948 | ||
| 600 | 0 | 7 | |a VESPUCIO, AMERICO |2 CL-VaPUC |9 265195 |
| 650 | 0 | |a Historia americana |9 353864 | |
| 650 | 0 | |a Historia social |9 313638 | |
| 650 | 7 | |a DESCUBRIMIENTO DE AMERICA |2 CL-VaPUC |9 442047 | |
| 650 | 0 | |a Colonización |9 265172 | |
| 650 | 0 | |a Esclavitud |9 323605 | |
| 650 | 0 | |a REFORMA AGRARIA |9 256789 | |
| 650 | 0 | |a Países en desarrollo |9 259663 | |
| 651 | 0 | |a América |9 255182 | |
| 651 | 0 | |a Venezuela |9 254993 | |
| 651 | 0 | |a Paraguay |9 255336 | |
| 651 | 0 | |a Estados Unidos |9 255178 | |
| 651 | 0 | |a Brasil |9 267393 | |
| 583 | |a last modification |c 20000428 00:00:00 |k Rodrigo Vera | ||
| 490 | 0 | |a Estudios de Historia, 1 | |
| 999 | |c 287312 |d 287310 | ||
| 952 | |0 0 |1 0 |4 0 |6 980_000000000000000_ARC_1948 |7 0 |8 X |9 334132 |a BIBHIS |b BIBHIS |d 2019-11-20 |i 1271393 |o 980 ARC 1948 |p 1271393 |r 2024-01-30 |w 2019-11-20 |y BK_X |k HIS | ||